000 01315cam a2200313 a 4500
001 25945
003 BD-RjUL
005 20211209050941.0
008 140319r19891829ii a b 000 0 eng
035 _a(BD-RjUL)26015
040 _aDLC
_cDLC
_dDLC
_beng
041 1 _aeng
_hper
082 _a954.02
_bFIH 1989
100 1 _aFirishtah, Muḥammad Qāsim Hindū Shāh Astarābādī.
_979707
245 1 0 _aHistory of the rise of the Mahomedan power in India till the year A.D. 1612 /
_ctranslated from the original Persian of Mahomed Kasim Ferishta, by John Briggs.
_nV-1
260 _aNew delhi :
_bAtlantic pub.,
_c1989.
300 _a350 P. :
_bill. ;
_c23 cm.
500 _a"To which is added an account of the conquest by the kings of Hydrabad, of those parts of the Madras provinces denominated the ceded districts and northern circars."
500 _aReprint. Originally published: 1829.
500 _a"Life of the author": v. 1, p. [xxxvii]-xli.
504 _aBibliographical references included in "author's preface": v. 1, p. xliii-xliv.
651 0 _aIndia
_xHistory
_y1000-1526.
_979722
651 0 _aIndia
_xHistory
_y1526-1765.
_979723
700 1 _aBriggs, John,
_d1785-1875.
_979462
942 _2ddc
_cBK
999 _c25945
_d25945